Forced migration review

Bewaard in:
Bibliografische gegevens
Formaat: Boek
Taal:Undetermined
Gepubliceerd in: Oxford, UK 2018
Onderwerpen:
Tags: Voeg label toe
Geen labels, Wees de eerste die dit record labelt!
Thư viện lưu trữ: Trung tâm Học liệu Trường Đại học Cần Thơ
LEADER 00444nam a2200157Ia 4500
001 CTU_235470
008 210402s9999 xx 000 0 und d
082 |a 304.8 
082 |b M634 
245 0 |a Forced migration review 
245 0 |c Refugee Studies Centre, University of Oxford 
260 |a Oxford, UK 
260 |c 2018 
650 |a Forced migration 
904 |i Phương Uyên 
980 |a Trung tâm Học liệu Trường Đại học Cần Thơ